| 000 | 00407nam a2200157Ia 4500 | ||
|---|---|---|---|
| 008 | 151213s9999 xx 000 0 und d | ||
| 082 |
_a823.3 _b823.3 |
||
| 100 | _aChinua Achebe | ||
| 245 |
_aThings fall Apart _cChinua Achebe |
||
| 260 |
_aEngland _bPenguin Books _c1958 |
||
| 300 | _a10768 p. | ||
| 650 | _aEnglish Literature | ||
| 650 | _aEnglish Literature | ||
| 700 | _aChinua Achebe | ||
| 999 |
_c4893 _d4893 |
||